000 00313nam a22001217a 4500
020 _a9280310550
082 _a370.1965 PHI
100 _aPHILLIPS , H.M.
245 _aPLANNING EDUCATION ASSISTANCE FOR THE SECOND DEVELOPMENT DECADE
260 _aPARIS
_bUNESCO
_c1973
300 _a75p.
_b:ill.; 20cm.
942 _cBK
999 _c19872
_d19872